Concerts Michael Jackson - Statistiques

Statistiques générales
  • Ce quiz a été pris 149 fois
  • Le résultat moyen est 26 sur 42
Statistiques - réponses
Pays % Correct
France
100%
États-Unis
96%
Allemagne
89%
Espagne
89%
Japon
86%
Royaume-Uni
84%
Brésil
82%
Italie
81%
Russie
81%
Mexique
79%
Argentine
76%
Australie
75%
Belgique
73%
Suisse
73%
Afrique du Sud
72%
Portugal
72%
Inde
70%
Suède
69%
Norvège
68%
Finlande
67%
Irlande
65%
Pologne
64%
Corée du Sud
63%
Roumanie
61%
Danemark
59%
Pays-Bas
59%
Chili
58%
Turquie
56%
Nouvelle-Zélande
55%
Autriche
54%
Thaïlande
54%
Hongrie
51%
Tunisie
49%
Estonie
47%
Malaisie
39%
Israël
38%
République Tchèque
38%
Luxembourg
37%
Singapour
36%
Philippines
35%
Taïwan
28%
Brunei
21%
Aucun quiz correspondant
Distribution des résultats
% des personnes avec chaque résultat
Percentile par nombre de réponses
Votre historique - résultats
Vous n’avez pas pris ce quiz